Statistics for experimentalists (Record no. 76801)

MARC details
000 -LEADER
fixed length control field 00954nam a2200169 a 4500
008 - FIXED-LENGTH DATA ELEMENTS--GENERAL INFORMATION
fixed length control field 080109s1969 ||||||||||||||||| || u
050 ## - LIBRARY OF CONGRESS CALL NUMBER
Classification number Q 175 Coo
100 ## - MAIN ENTRY--PERSONAL NAME
Personal name Cooper, Brian Edward
245 10 - TITLE STATEMENT
Title Statistics for experimentalists
260 ## - PUBLICATION, DISTRIBUTION, ETC.
Place of publication, distribution, etc. Oxford
Name of publisher, distributor, etc. Pergamon Press
Date of publication, distribution, etc. 1969
300 ## - PHYSICAL DESCRIPTION
Extent ix, 336p. : ill.
350 ## -
-- 0.00
995 ## -
-- ANNEX COLLECTION (Main Library)
-- 0.00
-- 716894
-- CBU-MAIN LIBRARY (Kitwe)
-- 3
-- 3.60
-- Q 175 Coo
-- 1
-- AVAILABLE
-- 011384
-- Annex Low-Usage Collection
995 ## -
-- ANNEX COLLECTION (Main Library)
-- 0.00
-- 714746
-- CBU-MAIN LIBRARY (Kitwe)
-- 4
-- 3.60
-- Q 175 Coo
-- 2
-- AVAILABLE
-- 011385
-- Annex Low-Usage Collection
995 ## -
-- ANNEX COLLECTION (Main Library)
-- 0.00
-- 714745
-- CBU-MAIN LIBRARY (Kitwe)
-- 1
-- 3.60
-- Q 175 Coo
-- 3
-- AVAILABLE
-- 011386
-- Annex Low-Usage Collection
995 ## -
-- ANNEX COLLECTION (Main Library)
-- 0.00
-- 714747
-- CBU-MAIN LIBRARY (Kitwe)
-- 2
-- 3.60
-- Q 175 Coo
-- 4
-- AVAILABLE
-- 011387
-- Annex Low-Usage Collection
999 ## -
-- 76801
-- 76801
Holdings
Withdrawn status Lost status Source of classification or shelving scheme Damaged status Not for loan Permanent Location Current Location Shelving location Date acquired Total Checkouts Full call number Barcode Date last seen Copy number Price effective from Koha item type
          CBU-MAIN LIBRARY, KITWE. CBU-MAIN LIBRARY, KITWE.   04/25/2023   Q 175 Coo 011384 04/25/2023 1 04/25/2023 MONOGRAPH
          CBU-MAIN LIBRARY, KITWE. CBU-MAIN LIBRARY, KITWE.   04/25/2023   Q 175 Coo 011385 04/25/2023 2 04/25/2023 MONOGRAPH
          CBU-MAIN LIBRARY, KITWE. CBU-MAIN LIBRARY, KITWE.   04/25/2023   Q 175 Coo 011386 04/25/2023 3 04/25/2023 MONOGRAPH
          CBU-MAIN LIBRARY, KITWE. CBU-MAIN LIBRARY, KITWE.   04/25/2023   Q 175 Coo 011387 04/25/2023 4 04/25/2023 MONOGRAPH